[Event "London Classic Open 2015"]
[Site "London ENG"]
[Date "2015.12.05"]
[Round "3.92"]
[White "Mogilarov, Dimitar"]
[Black "Giakoustidis, Spiros-Avgerinos"]
[Result "0-1"]
[WhiteElo "2168"]
[BlackElo "1824"]
[WhiteFideId "2905248"]
[BlackFideId "4208668"]
[EventDate "2015.12.04"]

1. e4 d6 2. d4 Nf6 3. Nc3 g6 4. Nf3 Bg7 5. h3 O-O 6. Be3 c6 7. a4 b6 8. Bc4 e6
9. d5 exd5 10. exd5 c5 11. O-O Na6 12. Nb5 Nc7 13. Bf4 Nfe8 14. c3 a6 15. Na3
Bd7 16. Re1 b5 17. axb5 axb5 18. Bf1 b4 19. Nc4 Rxa1 20. Qxa1 Nxd5 21. Bg5 Qb8
22. Ne3 Nxe3 23. Rxe3 Nf6 24. Bc4 bxc3 25. bxc3 Bb5 26. Qa2 Bxc4 27. Qxc4 Qb1+
28. Re1 Qf5 29. Qh4 Re8 30. Rxe8+ Nxe8 31. c4 Nf6 32. Nd2 h5 33. Qg3 Ne4 34.
Nxe4 Qxe4 35. Bf4 Qe1+ 36. Kh2 Be5 37. Bxe5 Qxe5 38. f4 Qd4 39. Qg5 Kg7 40. g4
Qf2+ 41. Kh1 f6 42. Qd5 Qf1+ 43. Kh2 Qxf4+ 44. Kg2 hxg4 45. Qb7+ Kh6 46. Qf7
Qf3+ 47. Kh2 g3+ 0-1

[Event "London Classic Open 2015"]
[Site "London ENG"]
[Date "2015.12.05"]
[Round "3.93"]
[White "Kalerwa, Edwin M"]
[Black "Myers, Dominique"]
[Result "0-1"]
[WhiteElo "1823"]
[BlackElo "2132"]
[WhiteFideId "422223"]
[BlackFideId "2041715"]
[EventDate "2015.12.04"]

1. c4 Nf6 2. Nc3 d5 3. d4 g6 4. e3 Bg7 5. Nf3 O-O 6. Be2 b6 7. O-O Bb7 8. b4
Nbd7 9. Rb1 dxc4 10. Bxc4 Ne4 11. Nxe4 Bxe4 12. Rb3 e5 13. Nd2 Bb7 14. Bb2 Qh4
15. f4 exf4 16. Rxf4 Qe7 17. b5 Qg5 18. Nf3 Qh5 19. Qf1 g5 20. Rf5 h6 21. Ne5
Nxe5 22. dxe5 Be4 23. Rf2 Rad8 24. Be2 Qg6 25. Qc1 c5 26. bxc6 Qxc6 27. Rc3 Qd5
28. Rc7 Rd7 29. Rxd7 Qxd7 30. Bc4 Bg6 31. Rd2 Qc7 32. Bb3 Bxe5 33. Qxc7 Bxc7 34.
Rd7 Rc8 35. Bd5 a5 36. Bb7 Rd8 37. Bc6 Rxd7 38. Bxd7 f5 39. a4 Kf7 40. Bd4 Ke7
41. Bb5 Be8 42. Bg7 Bxb5 43. axb5 h5 44. Bh6 Kf6 45. Bf8 Ke5 46. Bh6 Bd8 47. Kf2
h4 48. h3 Be7 49. Ke2 Kf6 50. Kd3 Kg6 51. Bxg5 Kxg5 52. Kc4 Bc5 53. Kd3 a4 0-1

[Event "London Classic Open 2015"]
[Site "London ENG"]
[Date "2015.12.05"]
[Round "3.94"]
[White "Miu, Marinel"]
[Black "Salimbeni, George P W"]
[Result "0-1"]
[WhiteElo "1820"]
[BlackElo "2107"]
[WhiteFideId "1220691"]
[BlackFideId "404080"]
[EventDate "2015.12.04"]

1. e3 b6 2. Be2 Bb7 3. Bf3 c6 4. c4 Nf6 5. Ne2 e5 6. Ng3 d5 7. d3 g6 8. O-O Bg7
9. Qc2 O-O 10. e4 Re8 11. Bg5 Nbd7 12. exd5 cxd5 13. cxd5 h6 14. Bxf6 Nxf6 15.
Nc3 Qd7 16. Qb3 h5 17. Nge4 Nh7 18. d6 Rad8 19. Nb5 Kh8 20. Rac1 Rc8 21. Rc7
Rxc7 22. dxc7 Bd5 23. Nc5 bxc5 24. Bxd5 a6 25. Nc3 Kg8 26. Qb7 Rc8 27. Qxa6 Nf6
28. Bc4 Rxc7 29. Qa4 Qd8 30. Qa5 Qb8 31. Nb5 Re7 32. f3 h4 33. Qa6 Rb7 34. Qc6
Rb6 35. Qxc5 Bf8 36. Qc7 Qxc7 37. Nxc7 Rxb2 38. Na6 Nh5 39. Re1 Nf4 40. Rxe5
Rxg2+ 41. Kf1 Rxh2 42. Rg5 h3 43. Rg4 Bd6 44. Kg1 Ne2+ 45. Kf1 Ng3+ 46. Kg1 Rg2# 0-1

[Event "London Classic Open 2015"]
[Site "London ENG"]
[Date "2015.12.05"]
[Round "3.95"]
[White "Gaudeau, Valentin"]
[Black "Dukaczewski, Piotr"]
[Result "0-1"]
[BlackTitle "IM"]
[WhiteElo "2080"]
[BlackElo "2280"]
[WhiteFideId "662216"]
[BlackFideId "1103520"]
[EventDate "2015.12.04"]

1. d4 Nf6 2. Nf3 g6 3. Bf4 Bg7 4. e3 d6 5. Be2 O-O 6. h3 Nbd7 7. O-O Qe8 8. c4
e5 9. Bh2 Qe7 10. Nc3 b6 11. Rc1 e4 12. Nd2 Bb7 13. b4 c5 14. bxc5 dxc5 15. d5
a6 16. Qc2 Rfe8 17. a4 h5 18. Rb1 Bc8 19. a5 bxa5 20. Nb3 Ne5 21. Nxa5 Bf5 22.
Rb7 Nfd7 23. Nc6 Qf6 24. Nxe5 Nxe5 25. Na4 Nf3+ 26. Kh1 Nxh2 27. Kxh2 Qh4 28.
Bd1 Rab8 29. Rxb8 Rxb8 30. Qd2 Be5+ 31. Kg1 Bd6 32. Nc3 Qg5 33. f4 exf3 34. Rxf3
Rb4 35. Be2 Qe7 36. Bd3 Bxd3 37. Qxd3 Qe5 38. Ne2 a5 39. Nf4 a4 40. g3 Rb3 41.
Qc2 Kg7 42. Qf2 Qa1+ 43. Kg2 Bxf4 44. Rxf4 Rb2 45. Rxf7+ Kh6 0-1

[Event "London Classic Open 2015"]
[Site "London ENG"]
[Date "2015.12.05"]
[Round "3.96"]
[White "Ettu, Kore"]
[Black "Bullen, Alex"]
[Result "0-1"]
[WhiteElo "1816"]
[BlackElo "2026"]
[WhiteFideId "439932"]
[BlackFideId "1801627"]
[EventDate "2015.12.04"]

1. e4 c6 2. d4 d5 3. e5 Bf5 4. Bd3 Bxd3 5. Qxd3 e6 6. Nf3 Qa5+ 7. Nbd2 Qa6 8.
Qxa6 Nxa6 9. c3 c5 10. dxc5 Nxc5 11. O-O Ne7 12. Nd4 Nc6 13. Nxc6 bxc6 14. Nb3
Nd3 15. f4 c5 16. Rb1 Rb8 17. Rd1 c4 18. Nd4 Ba3 19. Kf1 O-O 20. Rxd3 cxd3 21.
Ke1 Bc5 22. Be3 Rb7 23. Kd2 a5 24. Kxd3 a4 25. Kc2 Rfb8 26. b4 axb3+ 27. axb3
Ra8 28. b4 Bxd4 29. Bxd4 Ra2+ 30. Rb2 Rxb2+ 31. Kxb2 Kf8 32. Kb3 Ke8 33. Ka4 Kd7
34. b5 Rb8 35. Ka5 Ra8+ 36. Kb6 Ra2 37. Kb7 Rxg2 38. Ka8 Rxh2 39. b6 Ra2+ 40.
Kb8 Kc6 41. Kc8 Ra8# 0-1

[Event "London Classic Open 2015"]
[Site "London ENG"]
[Date "2015.12.05"]
[Round "3.97"]
[White "Cannon, Raymond C"]
[Black "Turner, David J"]
[Result "1/2-1/2"]
[WhiteElo "1985"]
[BlackElo "1811"]
[WhiteFideId "408018"]
[BlackFideId "419737"]
[EventDate "2015.12.04"]

1. e4 d6 2. d4 Nf6 3. Nc3 g6 4. g3 Bg7 5. Bg2 O-O 6. Nge2 c6 7. O-O Na6 8. h3 c5
9. Be3 cxd4 10. Bxd4 Nb4 11. Be3 Rb8 12. Bxa7 Ra8 13. Be3 Bd7 14. Qd2 Re8 15. f4
Qc8 16. e5 dxe5 17. fxe5 Nh5 18. a3 Nc6 19. g4 Nxe5 20. gxh5 Bxh3 21. Nf4 Nc4
22. Qf2 Bxg2 23. Nxg2 Nxe3 24. Qxe3 Ra5 25. hxg6 hxg6 26. Rad1 Re5 27. Qf3 Qc5+
28. Qf2 Qc4 29. Nd5 Rf5 30. Nde3 Rxf2 31. Nxc4 Rxc2 32. Nge3 Re2 33. b3 b5 34.
Rd2 Rxd2 1/2-1/2

[Event "London Classic Open 2015"]
[Site "London ENG"]
[Date "2015.12.05"]
[Round "3.98"]
[White "McKerracher, Douglas"]
[Black "Verma, Aditya"]
[Result "1/2-1/2"]
[WhiteElo "1972"]
[BlackElo "1805"]
[WhiteFideId "2401002"]
[BlackFideId "426202"]
[EventDate "2015.12.04"]

1. e4 c5 2. Nc3 Nc6 3. g3 g6 4. Bg2 Bg7 5. d3 a6 6. f4 d6 7. Nf3 e6 8. O-O Nge7
9. Be3 O-O 10. Qd2 Nd4 11. Nh4 Rb8 12. Nd1 b6 13. c3 Ndc6 14. d4 cxd4 15. cxd4
d5 16. e5 Bd7 17. Nf2 Kh8 18. Rfc1 b5 19. Nd3 Na5 20. b3 Nb7 21. Bf1 Nc8 22. Rc2
Na7 23. Rac1 Qb6 24. Nf3 a5 25. Nc5 Nxc5 26. dxc5 Qc7 27. c6 Nxc6 28. Nd4 Nxd4
29. Bxd4 Qd8 30. Rc7 b4 31. Qe3 Bb5 32. Ba7 Bxf1 33. Kxf1 Ra8 34. Qb6 d4 35.
Qxd4 Qxd4 36. Bxd4 Rfd8 37. R1c4 Kg8 38. Ke2 Bf8 39. Bc5 Rd5 40. Bxf8 Rxf8 41.
Ra7 Rfd8 42. Rc2 h5 43. Rac7 1/2-1/2

[Event "London Classic Open 2015"]
[Site "London ENG"]
[Date "2015.12.05"]
[Round "3.99"]
[White "Shepley, Julien M"]
[Black "York-Andersen, Anna"]
[Result "1/2-1/2"]
[WhiteElo "1968"]
[BlackElo "1803"]
[WhiteFideId "403210"]
[BlackFideId "416789"]
[EventDate "2015.12.04"]

1. e4 c6 2. d4 d5 3. Nd2 dxe4 4. Nxe4 Bf5 5. Ng3 Bg6 6. Nh3 e6 7. Nf4 Ne7 8. Bc4
Nd5 9. h4 Nxf4 10. Bxf4 h6 11. h5 Bh7 12. Qe2 Nd7 13. O-O-O Nb6 14. Bxe6 fxe6
15. Qxe6+ Qe7 16. Qg4 Qd7 17. Rhe1+ Kd8 18. Qe2 Bd6 19. Be5 Kc7 20. c4 Bxe5 21.
Qxe5+ Kd8 22. b3 Re8 23. Qc5 Rc8 24. a4 Qf7 25. Qd6+ Qd7 26. Qc5 Qf7 27. Qd6+
Qd7 1/2-1/2

[Event "London Classic Open 2015"]
[Site "London ENG"]
[Date "2015.12.05"]
[Round "3.100"]
[White "Opasiak, Dustin Tennessee"]
[Black "Taylor, William J"]
[Result "0-1"]
[WhiteElo "1782"]
[BlackElo "1962"]
[WhiteFideId "24630217"]
[BlackFideId "423130"]
[EventDate "2015.12.04"]

1. e4 e5 2. Nf3 Nc6 3. Bb5 a6 4. Bxc6 dxc6 5. Nc3 Qe7 6. d4 exd4 7. Nxd4 Bd7 8.
Qf3 g6 9. Be3 Bg7 10. O-O-O Nf6 11. h3 O-O-O 12. g4 Rhe8 13. Bg5 h6 14. Bxf6
Bxf6 15. Qe3 c5 16. Nde2 Bc6 17. f3 Bg7 18. Qf2 b5 19. a3 b4 20. axb4 cxb4 21.
Rxd8+ Rxd8 22. Nd1 Qg5+ 23. Kb1 Qe5 24. Kc1 Qa5 25. Kb1 Bb5 26. Nc1 Bd4 27. Nb3
Bxf2 28. Nxa5 Bb6 29. Nb3 Be2 30. Nf2 Bxf2 31. Rh2 Rd1+ 32. Ka2 Bxf3 33. Rxf2
Bxe4 34. Rxf7 Bxc2 35. Nc5 Kd8 36. Ne6+ Ke8 37. Rxc7 b3+ 38. Ka3 a5 39. Ng7+ Kd8
40. Ne6+ Ke8 41. Ng7+ Kf8 42. Ne6+ Kg8 43. Ka4 Ra1+ 44. Kb5 a4 45. Rg7+ Kh8 46.
Ra7 a3 47. Ra8+ Kh7 48. g5 axb2 0-1

[Event "London Classic Open 2015"]
[Site "London ENG"]
[Date "2015.12.05"]
[Round "3.101"]
[White "Harstad, Christian"]
[Black "Dror, Levi"]
[Result "1-0"]
[WhiteElo "1954"]
[BlackElo "1798"]
[WhiteFideId "1504045"]
[BlackFideId "2809583"]
[EventDate "2015.12.04"]

1. d4 Nf6 2. c4 g6 3. Nc3 Bg7 4. e4 d6 5. Nf3 O-O 6. Be2 e5 7. O-O Nc6 8. d5 Ne7
9. b4 a5 10. Ba3 b6 11. bxa5 Rxa5 12. Bb4 Ra8 13. a4 Ne8 14. a5 c5 15. Ba3 Rxa5
16. Qb3 Bd7 17. Rfb1 Nc8 18. Bc1 Rxa1 19. Rxa1 Nc7 20. Ne1 f5 21. f3 f4 22. Na4
Bxa4 23. Qxa4 Rf7 24. Qb3 Ne8 25. Nd3 Rb7 26. Bb2 Nc7 27. g3 fxg3 28. hxg3 Qd7
29. Kg2 Ne8 30. f4 exf4 31. Nxf4 Nc7 32. Bxg7 Qxg7 33. Rf1 Ne8 34. Ne6 1-0

[Event "London Classic Open 2015"]
[Site "London ENG"]
[Date "2015.12.05"]
[Round "3.102"]
[White "Edwards, Simon R"]
[Black "Mulay, Partha"]
[Result "0-1"]
[WhiteElo "1945"]
[BlackElo "1780"]
[WhiteFideId "406821"]
[BlackFideId "436038"]
[EventDate "2015.12.04"]

1. e4 e6 2. d4 d5 3. exd5 exd5 4. c4 Nf6 5. Nc3 Be7 6. Bd3 dxc4 7. Bxc4 O-O 8.
Nge2 Nc6 9. O-O Bf5 10. a3 Qd7 11. Bf4 Bd6 12. Bg5 Ne4 13. Be3 a6 14. Nd5 Ne7
15. Ndf4 Nf6 16. f3 Rae8 17. Bf2 Ng6 18. Nd3 Bxd3 19. Bxd3 Nd5 20. Be4 Ngf4 21.
Nxf4 Nxf4 22. Bxb7 Qb5 23. Be4 Ne2+ 24. Kh1 Qh5 25. h3 Nf4 26. h4 f5 27. Qb3+
Kh8 28. Bc6 Re2 29. g3 Nh3 30. Kg2 f4 31. Qd3 fxg3 32. Kxh3 Rf4 33. Bxg3 Rxh4+ 0-1

[Event "London Classic Open 2015"]
[Site "London ENG"]
[Date "2015.12.05"]
[Round "3.103"]
[White "De Lagontrie, Jean"]
[Black "Lochte, Szilvia"]
[Result "1/2-1/2"]
[WhiteElo "1776"]
[BlackElo "1914"]
[WhiteFideId "605271"]
[BlackFideId "708410"]
[EventDate "2015.12.04"]

1. d4 Nf6 2. c4 e6 3. Nc3 Bb4 4. e3 O-O 5. Ne2 a5 6. a3 Be7 7. e4 d6 8. Ng3 Nc6
9. Be3 Re8 10. Be2 Bf8 11. f4 g6 12. e5 Nd7 13. O-O f5 14. d5 Ne7 15. dxe6 Nc5
16. Nd5 Nxd5 17. cxd5 Qe7 18. Rc1 Na6 19. Qd2 Nb8 20. Qc3 c6 21. exd6 Qxd6 22.
Qf6 Qe7 23. Qxe7 Bxe7 24. dxc6 Nxc6 25. Bc4 Bf6 26. e7+ Kg7 27. Rf2 Rxe7 28. Bc5
Re8 29. Kf1 Be6 30. Bxe6 1/2-1/2

[Event "London Classic Open 2015"]
[Site "London ENG"]
[Date "2015.12.05"]
[Round "3.104"]
[White "Chilton, James I"]
[Black "Jacob, Sydney J"]
[Result "0-1"]
[WhiteElo "1742"]
[BlackElo "1884"]
[WhiteFideId "423009"]
[BlackFideId "419338"]
[EventDate "2015.12.04"]

1. e4 c5 2. Nf3 g6 3. d4 cxd4 4. Nxd4 Nf6 5. Nc3 Nc6 6. f4 Nxd4 7. Qxd4 Bg7 8.
Qf2 O-O 9. Be2 d5 10. e5 Ne4 11. Nxe4 dxe4 12. Be3 Qc7 13. c3 f6 14. exf6 Bxf6
15. O-O b6 16. h4 h5 17. Rad1 Bf5 18. Rd2 Kh7 19. Rfd1 Rad8 20. g3 Rxd2 21. Rxd2
Qc8 22. Bd4 Bg4 23. Bb5 e5 24. Be3 Be7 25. Rd5 exf4 26. gxf4 a6 27. Ba4 b5 28.
Bc2 Qe6 29. Bb3 Qf6 30. Rg5 Bf5 31. Bd4 Qc6 32. Rg2 Qd7 33. Bd1 Bf6 34. Be2 Bxd4
35. cxd4 Rd8 36. d5 Qxd5 37. Qa7+ Rd7 38. Qxa6 Qd2 39. Qxb5 Qe1+ 40. Bf1 Qxh4
41. Qe5 Bh3 42. Rg5 Bxf1 43. Qxe4 Bd3 44. Qe6 Bf5 45. Qe2 Qxf4 46. Rg2 Rc7 47.
Rf2 Rc1+ 48. Kg2 Be4+ 49. Kh3 Rh1+ 50. Rh2 Rxh2+ 51. Qxh2 Qg4# 0-1

[Event "London Classic Open 2015"]
[Site "London ENG"]
[Date "2015.12.05"]
[Round "3.105"]
[White "Misyura, Ilya"]
[Black "Knudsen, Andre"]
[Result "1-0"]
[WhiteElo "1843"]
[BlackElo "1756"]
[WhiteFideId "434183"]
[BlackFideId "1723650"]
[EventDate "2015.12.04"]

1. d4 e6 2. c4 Nf6 3. Nc3 Bb4 4. e3 O-O 5. Bd3 c5 6. Ne2 b6 7. a3 Bxc3+ 8. bxc3
Bb7 9. f3 d5 10. O-O Nc6 11. Rb1 Na5 12. cxd5 exd5 13. Ng3 cxd4 14. cxd4 Re8 15.
Re1 Nc6 16. Rb2 g6 17. Bb5 a6 18. Bf1 b5 19. Ne2 Na5 20. Nf4 Nc4 21. Rb3 Nd6 22.
Nd3 Nd7 23. Rc3 Nc4 24. Nf2 Qa5 25. Rd3 Rac8 26. e4 f5 27. e5 Nf8 28. g4 Ne6 29.
gxf5 gxf5 30. Bh3 Rf8 31. Kh1 Rc7 32. Rg1+ Kh8 33. f4 Qb6 34. Bf1 Rg7 35. Rxg7
Nxg7 36. Nh3 Ne6 37. Qh5 Ng7 38. Qh4 Qd8 39. Ng5 h5 40. Be2 Qe8 41. Rh3 Kg8 42.
Qg3 Qg6 43. Rh4 Rc8 44. Qe1 Bc6 45. Qg1 Be8 46. Rh3 Qc6 47. Rc3 Kf8 48. Nh7+ Kg8
49. Nf6+ Kh8 50. Qg5 1-0

[Event "London Classic Open 2015"]
[Site "London ENG"]
[Date "2015.12.05"]
[Round "3.106"]
[White "Barasi, Paul Dl"]
[Black "Shah, Dipak K"]
[Result "1-0"]
[WhiteElo "1736"]
[BlackElo "1837"]
[WhiteFideId "432830"]
[BlackFideId "425842"]
[EventDate "2015.12.04"]

1. d4 g6 2. e4 Bg7 3. Nc3 d6 4. Be3 Nd7 5. Qd2 Ngf6 6. f3 e5 7. Nge2 O-O 8. Bh6
Nb6 9. Bxg7 Kxg7 10. O-O-O Bd7 11. b3 a5 12. a4 Qe7 13. Kb2 c5 14. d5 Rfc8 15.
g4 c4 16. Ng3 Rc5 17. Be2 Rac8 18. Rc1 Qd8 19. g5 Ng8 20. h4 Qc7 21. h5 Bxa4 22.
hxg6 hxg6 23. bxa4 Nxa4+ 24. Ka2 Nxc3+ 25. Qxc3 b5 26. Rb1 b4 27. Qe3 c3 28. Qd3
Qd7 29. Rb3 Rb8 30. Qa6 a4 31. Rbb1 Qd8 32. Qa7 b3+ 33. Ka3 Ra5 34. Rh7+ Kxh7
35. Qxf7+ Kh8 36. Rh1+ 1-0

[Event "London Classic Open 2015"]
[Site "London ENG"]
[Date "2015.12.05"]
[Round "3.107"]
[White "Bin-Suhayl, Ieysaa"]
[Black "Reutimann, Hans Peter"]
[Result "0-1"]
[WhiteElo "1828"]
[BlackElo "1717"]
[WhiteFideId "429031"]
[BlackFideId "1313886"]
[EventDate "2015.12.04"]

1. d4 d5 2. Bf4 Nf6 3. e3 Bf5 4. Nf3 e6 5. Bd3 Ne4 6. O-O Nd7 7. c4 c6 8. Nc3
Be7 9. Rc1 O-O 10. Qc2 Ndf6 11. Nd2 Nxc3 12. Qxc3 Bg6 13. h3 Nh5 14. Bh2 f5 15.
Nf3 Nf6 16. Qb3 Qb6 17. a3 Qxb3 0-1

[Event "London Classic Open 2015"]
[Site "London ENG"]
[Date "2015.12.05"]
[Round "3.108"]
[White "Haddock, Paul"]
[Black "Fernandez Aransay, Fernando"]
[Result "0-1"]
[WhiteElo "1623"]
[BlackElo "1826"]
[WhiteFideId "419150"]
[BlackFideId "2216280"]
[EventDate "2015.12.04"]

1. e4 c5 2. d4 cxd4 3. c3 d3 4. Bxd3 Nc6 5. f4 d6 6. Nf3 g6 7. O-O Qb6+ 8. Kh1
Nf6 9. Qe2 Bg7 10. Be3 Qc7 11. Nbd2 O-O 12. Nb3 Bg4 13. Rae1 Rac8 14. h3 Bxf3
15. Qxf3 a6 16. Nd4 Na5 17. f5 Nc4 18. Bxc4 Qxc4 19. a3 Qd3 20. Bg5 Qxf3 21.
Nxf3 h6 22. Bxf6 Bxf6 23. e5 dxe5 24. Nxe5 gxf5 25. Rxf5 Rfd8 26. Ng4 Bg5 27.
Re2 Rd1+ 28. Kh2 e6 29. Rff2 Rcd8 30. g3 R8d2 31. h4 Rxe2 32. Rxe2 Rd2 33. Nf6+
Kh8 34. Rxd2 Bxd2 35. Ne4 Bc1 36. b3 Bxa3 37. c4 b6 38. g4 Kg7 39. Kg3 Be7 40.
h5 f5 41. gxf5 exf5 42. Nc3 Bd6+ 43. Kf3 Kf7 44. Nd5 b5 45. cxb5 axb5 46. Nc3 b4
47. Nd5 Ke6 48. Ne3 Kf6 49. Nc4 Bc7 50. Ne3 Kg5 51. Nd5 Bd6 52. Ne3 f4 0-1

[Event "London Classic Open 2015"]
[Site "London ENG"]
[Date "2015.12.05"]
[Round "3.109"]
[White "Fontaine, Olivier"]
[Black "Kazmierczak, Ewa"]
[Result "1-0"]
[WhiteElo "1826"]
[BlackElo "1599"]
[WhiteFideId "666548"]
[BlackFideId "1154877"]
[EventDate "2015.12.04"]

1. d4 d5 2. Bf4 Nf6 3. e3 Bf5 4. c4 e6 5. Nf3 Bb4+ 6. Nc3 Ne4 7. Qb3 Nc6 8. cxd5
exd5 9. Bb5 Bxc3+ 10. bxc3 O-O 11. Bxc6 bxc6 12. Ne5 c5 13. f3 c4 14. Qa3 Qd6
15. Nxc4 Qxa3 16. Nxa3 Nxc3 17. Kd2 Na4 18. Bxc7 a6 19. g4 Bd7 20. Rhc1 Rfc8 21.
Bd6 Nb6 22. Rab1 Nc4+ 23. Nxc4 dxc4 24. Rb4 Bb5 25. a4 Bd7 26. Bc5 Be6 27. e4 f6
28. a5 Rd8 29. Kc3 Rdc8 30. Bb6 Bd7 31. Rxc4 Rxc4+ 32. Kxc4 Rc8+ 33. Bc5 Rb8 34.
Rc3 Bb5+ 35. Kd5 Kf7 36. Bb6 Rb7 37. Kc5 Ke6 38. f4 Rd7 39. d5+ Ke7 40. Rb3 Be2
41. h3 Bf1 42. e5 Bg2 43. d6+ Ke6 44. f5+ Kxe5 45. Re3+ Be4 46. Rxe4+ Kxe4 47.
Kc6 1-0

[Event "London Classic Open 2015"]
[Site "London ENG"]
[Date "2015.12.06"]
[Round "4.1"]
[White "Andersen, Mads"]
[Black "Postny, Evgeny"]
[Result "0-1"]
[WhiteTitle "IM"]
[BlackTitle "GM"]
[WhiteElo "2474"]
[BlackElo "2670"]
[WhiteFideId "1413864"]
[BlackFideId "2804344"]
[EventDate "2015.12.04"]

1. d4 d5 2. c4 e6 3. Nf3 dxc4 4. e3 Nf6 5. Bxc4 a6 6. Bd3 c5 7. O-O Nc6 8. Nc3
cxd4 9. exd4 Be7 10. Bg5 O-O 11. Re1 Nb4 12. Bb1 b6 13. Bxf6 Bxf6 14. Be4 Nd5
15. Ne5 Bb7 16. Qh5 g6 17. Qf3 Bg7 18. Nxd5 exd5 19. Bc2 Rc8 20. Bb3 Qd6 21. Re2
a5 22. Re3 b5 23. a4 Qb4 24. Qd1 Rc7 25. axb5 Qxb5 26. h3 Bh6 27. Rf3 Rfc8 28.
Kh2 Qb6 29. Ng4 Bg7 30. Ne5 Qd6 31. g3 Bxe5 32. dxe5 Qc5 33. Rf4 Re8 34. Qd4
Qxd4 35. Rxd4 Rxe5 36. Rxa5 Re2 37. Kg2 Rxb2 38. Bxd5 Rd7 39. Kg1 Rb6 40. Ra7
Rb1+ 41. Kh2 Bxd5 0-1

[Event "London Classic Open 2015"]
[Site "London ENG"]
[Date "2015.12.06"]
[Round "4.3"]
[White "Sagar, Shah"]
[Black "Vakhidov, Jahongir"]
[Result "1/2-1/2"]
[WhiteTitle "IM"]
[BlackTitle "GM"]
[WhiteElo "2441"]
[BlackElo "2546"]
[WhiteFideId "5022509"]
[BlackFideId "14201801"]
[EventDate "2015.12.04"]

1. Nf3 c5 2. c4 Nc6 3. d4 cxd4 4. Nxd4 g6 5. e4 Bg7 6. Be3 Nf6 7. Nc3 O-O 8. Be2
d6 9. O-O Bd7 10. Nc2 Qa5 11. a3 Rfc8 12. f4 Qd8 13. b4 Be6 14. Rc1 Nb8 15. c5
dxc5 16. Qxd8+ Rxd8 17. Bxc5 Nfd7 18. Bd4 Nc6 19. Bxg7 Kxg7 20. Nb5 Nf6 21. Nc7
Rac8 22. Nxe6+ fxe6 23. e5 Nd5 24. Bg4 Nc3 25. Rce1 Rd2 26. Bxe6 Rf8 27. Rf2
Rxf2 28. Kxf2 Rxf4+ 29. Kg1 Nd4 30. Nxd4 Rxd4 31. Re3 Ne4 32. h4 Nd2 33. g3 b6
34. Kf2 Nc4 35. Bxc4 Rxc4 36. Rf3 Re4 37. Re3 Rd4 38. Rc3 a5 39. Ke3 Rg4 40. Kf3
h5 41. Rc6 axb4 42. Rxb6 bxa3 43. Ra6 Kf7 44. Rxa3 Ke6 45. Ra7 Rd4 46. Ke3 Rg4 1/2-1/2

[Event "London Classic Open 2015"]
[Site "London ENG"]
[Date "2015.12.06"]
[Round "4.4"]
[White "Krishna C R G"]
[Black "Arkell, Keith C"]
[Result "1/2-1/2"]
[WhiteTitle "IM"]
[BlackTitle "GM"]
[WhiteElo "2367"]
[BlackElo "2490"]
[WhiteFideId "5018625"]
[BlackFideId "400270"]
[EventDate "2015.12.04"]

1. d4 Nf6 2. c4 e6 3. g3 c5 4. Nf3 cxd4 5. Nxd4 Nc6 6. Bg2 Bc5 7. e3 O-O 8. O-O
a6 9. Nc3 Qc7 10. b3 b6 11. Bb2 Bb7 12. Rc1 Nxd4 13. exd4 Bxg2 14. Kxg2 Qb7+ 15.
f3 Be7 16. d5 b5 17. Ne4 Nxe4 18. fxe4 bxc4 19. Rxc4 f6 20. dxe6 dxe6 21. Qg4 e5
22. Qe6+ Kh8 23. Rd1 Rad8 24. Rxd8 Rxd8 25. Bc3 h6 26. Ba5 Rd7 27. h4 Kh7 28. h5
Bd8 29. Qe8 1/2-1/2

[Event "London Classic Open 2015"]
[Site "London ENG"]
[Date "2015.12.06"]
[Round "4.5"]
[White "Swayams, Mishra"]
[Black "Bartholomew, John"]
[Result "1/2-1/2"]
[WhiteTitle "IM"]
[BlackTitle "IM"]
[WhiteElo "2477"]
[BlackElo "2443"]
[WhiteFideId "5028183"]
[BlackFideId "2019353"]
[EventDate "2015.12.04"]

1. d4 d5 2. c4 c6 3. Nf3 Nf6 4. Nc3 dxc4 5. a4 Bf5 6. Ne5 Nbd7 7. Nxc4 Qc7 8. g3
e5 9. dxe5 Nxe5 10. Bf4 Nfd7 11. Bg2 f6 12. O-O g5 13. Bxe5 Nxe5 14. Nxe5 Qxe5
15. a5 a6 16. Qb3 Rb8 17. Ra4 Be6 18. Qc2 f5 19. Kh1 Bg7 20. f4 gxf4 21. Raxf4
O-O 22. Bh3 Rbe8 23. Bxf5 Bxf5 24. Rxf5 Rxf5 25. Rxf5 Qe6 26. Rh5 Qg6 27. Qb3+
Qe6 28. Qc2 Qg6 29. Qb3+ Qe6 30. Qc2 1/2-1/2

[Event "London Classic Open 2015"]
[Site "London ENG"]
[Date "2015.12.06"]
[Round "4.6"]
[White "Wegerle, Joerg"]
[Black "Melkumyan, Hrant"]
[Result "1/2-1/2"]
[WhiteTitle "IM"]
[BlackTitle "GM"]
[WhiteElo "2440"]
[BlackElo "2654"]
[WhiteFideId "4644743"]
[BlackFideId "13302485"]
[EventDate "2015.12.04"]

1. e4 e5 2. Nf3 Nc6 3. Bb5 g6 4. d4 exd4 5. Bg5 Be7 6. Bxe7 Qxe7 7. O-O Qb4 8.
Bxc6 dxc6 9. Qxd4 Qxd4 10. Nxd4 Bd7 11. Nc3 O-O-O 12. Rad1 Ne7 13. f3 c5 14.
Nde2 Be6 15. Nf4 Bc4 16. Rfe1 Nc6 17. b3 Ba6 18. Ncd5 Nd4 19. Ne3 c6 20. h4 Kc7
21. Kf2 h5 22. c3 Nb5 23. Ne2 Na3 24. Nf4 b6 25. Rxd8 Kxd8 26. Rd1+ Kc7 27. c4
Bc8 28. Ke2 Re8 29. Kd2 b5 30. Nd3 Kb6 31. Rc1 b4 32. Nb2 Kc7 33. Na4 Re5 34.
Nb2 Re8 35. Na4 Re5 36. Nb2 1/2-1/2

[Event "London Classic Open 2015"]
[Site "London ENG"]
[Date "2015.12.06"]
[Round "4.7"]
[White "Esserman, Marc"]
[Black "Lenderman, Aleksandr"]
[Result "0-1"]
[WhiteTitle "IM"]
[BlackTitle "GM"]
[WhiteElo "2411"]
[BlackElo "2626"]
[WhiteFideId "2018616"]
[BlackFideId "2021285"]
[EventDate "2015.12.04"]

1. e4 c6 2. d4 d5 3. e5 Bf5 4. Nf3 e6 5. Be2 Nd7 6. O-O h6 7. Nbd2 Ne7 8. Nb3
Qc7 9. a4 a5 10. Bd2 g5 11. Rc1 Bg7 12. Qe1 b6 13. c4 dxc4 14. Bxc4 Rd8 15. Qe2
Qb8 16. Rfe1 Kf8 17. h4 g4 18. Nh2 h5 19. Nf1 c5 20. Bg5 Bg6 21. dxc5 Nxe5 22.
Rcd1 Rxd1 23. Rxd1 Nxc4 24. Qxc4 Nd5 25. c6 Be5 26. Ne3 f6 27. Nd4 Bf7 28. Bxf6
Bxf6 29. Nxe6+ Bxe6 30. Nxd5 Qd6 31. Qb5 Kf7 32. Qxb6 Bxd5 33. Qxa5 Qxc6 34.
Qxd5+ Qxd5 35. Rxd5 Bxb2 36. g3 Kg6 37. a5 Rc8 38. Rd6+ Bf6 39. a6 Rc1+ 40. Kg2
Ra1 41. Rc6 Ra2 42. Rb6 Kf5 43. Rd6 Be5 44. Rh6 Bd4 45. Rxh5+ Ke4 46. Kh1 Bxf2
47. Rh7 Kf3 0-1